| 000 | 00775cam a2200217 i 4500 | ||
|---|---|---|---|
| 001 | 26184 | ||
| 003 | Mx-PuUPA | ||
| 005 | 20251001143048.0 | ||
| 008 | 140415s2016 cl ad gr 000 0 spa d | ||
| 020 | _a9789560102775 | ||
| 040 | _cMx-PuUPA | ||
| 041 | 0 | _aspa | |
| 082 | 0 | 4 |
_axx _bxx _223 |
| 100 |
_aValenzuela Vilá, Elvira Halina del Rosario _eautor |
||
| 245 | 1 | 3 |
_aEl conflicto colombiano, sus actores y propuestas de paz 1990-2010 / _cElvira Halina del Rosario Valenzuela Vilá |
| 250 |
_aPrimera edición / _bmarzo |
||
| 264 | 1 |
_aSantiago de Chile : _bRIL editores, _c2016 |
|
| 300 |
_a373 páginas : _bilustraciones, gráficas ; _c23 cm |
||
| 942 |
_2ddc _cLI _hxx _ixx |
||
| 999 |
_c26184 _d26184 |
||